Naeryŏ sŏlsu ŏpta : changpʻyŏn sosŏl /

Disimpan dalam:
Butiran Bibliografi
Pengarang Utama: Yi, Chun-gil.
Format: Buku
Bahasa:Korean
Diterbitkan: [Pʻyŏngyang] : Munhak Yesul Chʻulpʻansa, 2004.
Subjek-subjek:
Penanda-penanda: Tambah Penanda
Tiada Penanda, Jadilah orang pertama menanda rekod ini!
LEADER 00881nam a22002654a 4500
001 011596395-2
005 20090107093955.0
008 061013s2004 kn a 000 1 kor
010 |a  2006439918 
035 0 |a ocm74309670 
040 |a DLC-R  |c DLC  |d HMY 
043 |a a-ko--- 
050 0 0 |a PL992.9.C472  |b N34 2004 
100 1 |6 880-01  |a Yi, Chun-gil. 
245 1 0 |6 880-02  |a Naeryŏ sŏlsu ŏpta :  |b changpʻyŏn sosŏl /  |c Yi Chun-gil. 
260 |6 880-03  |a [Pʻyŏngyang] :  |b Munhak Yesul Chʻulpʻansa,  |c 2004. 
300 |a 315 p. :  |b ill. ;  |c 21 cm. 
650 0 |a Political prisoners  |z Korea (South)  |v Fiction. 
650 0 |a Communists  |z Korea (South)  |v Fiction. 
880 1 |6 100-01  |a 리준길. 
880 1 0 |6 245-02  |a 내려설수없다 :  |b 장편소설 /  |c 리준길. 
880 |6 260-03  |a [평양] :  |b 문학예술풀판사,  |c 2004. 
988 |a 20081027 
049 |a HMYK  |o d 
906 |0 OCLC